000 01356nam a2200313 a 4500
001 ebr10500143
003 CaPaEBR
006 m u
007 cr cn|||||||||
008 111014s2011 enka s 001 0 eng d
020 _z9781849515580
020 _z9781849515597 (e-book)
040 _aCaPaEBR
_cCaPaEBR
035 _a(OCoLC)763159118
050 1 4 _aQA76.9.A25
_bR36 2011eb
100 1 _aRamachandran, Vivek.
245 1 0 _aBackTrack 5 wireless penetration testing
_h[electronic resource] :
_bbeginner's guide : master bleeding edge wireless testing techniques with BackTrack 5 /
_cVivek Ramachandran.
260 _aBirmingham [U.K.] :
_bPackt Pub. Ltd.,
_c2011.
300 _aiv, 207 p. :
_bill. (some col.)
500 _a"Learn by doing: less theory, more results"--Cover.
500 _aIncludes index.
533 _aElectronic reproduction.
_bPalo Alto, Calif. :
_cebrary,
_d2011.
_nAvailable via World Wide Web.
_nAccess may be limited to ebrary affiliated libraries.
650 0 _aComputers
_xAccess control.
650 0 _aPenetration testing (Computer security)
650 0 _aComputer networks
_xSecurity measures
_xTesting.
655 7 _aElectronic books.
_2local
710 2 _aebrary, Inc.
856 4 0 _uhttp://site.ebrary.com/lib/rucke/Doc?id=10500143
_zAn electronic book accessible through the World Wide Web; click to view
999 _c241717
_d241717